000 01623nam a2200385 i 4500
001 195507
003 SpMaBN
005 20250710063357.0
008 240619s2000 sp | ||| ||spa
016 7 _abimoBNE20010379504
_2SpMaBN
017 _aM 18811-2000
_bOficina Depósito Legal Madrid
020 _a8473562348
035 _a(OCoLC)45463986
040 _aSpMaBN
_bspa
_cSpMaBN
_erdc
_dES-MaACL
080 _a338.46:658.8
100 _aGrande Esteban, Ildefonso,
_d1954-
_0XX952925
_eaut
_9237100
240 1 0 _aMarketing de los servicios
245 1 0 _aMarketing de los servicios /
_cIldefonso Grande Esteban
250 _a3ª edición revisada
260 _aPozuelo de Alarcón (Madrid) :
_bESIC,
_c2000.
300 _a361 páginas ;
_c24 cm
336 _2rdacontent
_atexto
337 _2rdamedia
_asin mediación
338 _2rdacarrier
_avolumen
504 _aBibliografía: páginas [353]-361
520 _aEste manual trata las causas económicas que explican el crecimiento de los servicios, la implantación del marketing en las empresas que los proporcionan y los elementos claves para desarrollar una planificación estratégica.
650 0 _aSector servicios-
_xMarketing
_2embne
_9237118
852 _aES-MaACL
_cDEPOJ
_jN-10027
_xEncuadernación rústica
_hDonación: Helena de la Joya
_9206174
903 _aJoya, Helena de la
_ednr
942 _cMONOGRAFIA
_n0
999 _c195507
_d195507